Statistics for physics

Click here to take the quiz!

General Stats

  • This quiz has been taken 22 times
  • The average score is 2 of 10

Answer Stats

QuestionAnswer% Correct
mass multiplied by accelerationforce
85%
which hypothetical oblect in space can teleport you from one place to anotherwormhole
60%
what do you call planets outside the solar systemexoplanets
55%
which scientist derived the value of Ghenry cavendish
10%
which is the largestknown star in the universeUY Scuti
10%
how far can a human/devices see into space30 lightyears
5%
tachyon,a hypothetical particle which can travel faster than light was propsed in which instituteIIT madras
5%
who discovered ocean tidesnewton
5%
after which eminent astro physicist is nasa's space radio observatory namedsubramanium chandrashekhar
5%
which quantum mechanics governs the variation in pulsating starsazimuth
0%

Score Distribution

Percentile by Number Answered

Percent of People with Each Score

Your Score History

You have not taken this quiz